Upkar's Rashtriya Military Schools Common Entrance Test: (Record no. 207874)
[ view plain ]
| 000 -LEADER | |
|---|---|
| fixed length control field | 00699nam a22001937a 4500 |
| 005 - DATE AND TIME OF LATEST TRANSACTION | |
| control field | 20241220144420.0 |
| 010 ## - LCCN (DPL NO) | |
| LC control number | DEC24UP ENG-143135 |
| 020 ## - INTERNATIONAL STANDARD BOOK NUMBER | |
| Terms of availability | 360.00 |
| International Standard Book Number | 9789363194847 |
| 035 ## - SYSTEM CONTROL NUMBER | |
| System control number | EN-126667 |
| 037 ## - SOURCE OF ACQUISITION | |
| Source of stock number/acquisition | DBAD/PUB |
| 082 ## - DEWEY DECIMAL CLASSIFICATION NUMBER | |
| Classification number | 000 |
| 100 ## - MAIN ENTRY--PERSONAL NAME | |
| Personal name | Sharma, J. N. |
| 245 ## - TITLE STATEMENT | |
| Title | Upkar's Rashtriya Military Schools Common Entrance Test: |
| Remainder of title | For Admission to Class-IX/ |
| Statement of responsibility, etc | by J. N. Sharma & Suchitra Sharma |
| 260 ## - PUBLICATION, DISTRIBUTION, ETC. (IMPRINT) | |
| Place of publication, distribution, etc | Agra |
| Name of publisher, distributor, etc | Upkar Prakashan |
| Date of publication, distribution, etc | 2024 |
| 270 ## - ADDRESS | |
| City | Agra |
| Address | 1 State Bank Colony, Near Khandari, Agra-Mathura Bypass Road, |
| Postal code | 282005 |
| Telephone number | 2530966 |
| -- | 2531101 |
| Electronic mail address | care@upkar.in |
| 300 ## - PHYSICAL DESCRIPTION | |
| Extent | 331p. |
| Dimensions | 27cm(pbk) |
| 700 ## - ADDED ENTRY--PERSONAL NAME | |
| Personal name | Suchitra Sharma |
| 9 (RLIN) | 75523 |
| 942 ## - ADDED ENTRY ELEMENTS (KOHA) | |
| Source of classification or shelving scheme | Dewey Decimal Classification |
| Item type | English Books |
| Classification part | 000 |
| Call number suffix | SHA |
| Withdrawn status | Lost status | Not for loan | Collection code | Home library | Current library | Date acquired | Source of acquisition | Cost, normal purchase price | Full call number | Barcode | Copy number | Cost, replacement price | Koha item type |
|---|---|---|---|---|---|---|---|---|---|---|---|---|---|
| Non-fiction | Central Library | Central Library | 20/12/2024 | DBAD | 360.00 | 000 SHA | EN-126667 | 1 | 360.00 | English Books |
